SERWIS INTERNETOWY Z DARMOWĄ POCZTĄ E-MAIL: - Statystyki

Ogólne statystyki
  • Ten quiz został rozwiązany 34 razy
  • Średni wynik to 3 z 5
Statystyki odpowiedzi
Odpowiedź % Poprawnych
GMAIL
93%
ONET
89%
INTERIA
79%
WIRTUALNA POLSKA
71%
HOTMAIL
11%
Nie znaleziono quizów pasujących do podanych kryteriów
Rozkład punktacji
Procent ludzi z każdym wynikiem
Percentyl według liczby udzielonych odpowiedzi
Twoja historia wyników
Nie rozwiązałeś tego quizu